000
00311nam a22001337a 4500
008
180130b xxu||||| |||| 00| 0 eng d
020
_a
9781560558774
041
_a
eng
080
_a
617
100
_a
8
101
_a
OFT
245
_a
Ophthalmic pathology and intraocular tumors
_c
Brown,H,H
942
_2
udc
_c
BK
999
_c
41284
_d
41284